Vývoj manažmentu ako profesie v historickom kontexte

Názory niektorých ekonómov na povinnosti a zameranie pracovnej pozície manažéra. Pohľad Stafforda Beera na pozíciu manažéra. Vypracovanie stratégie, prijímanie rozhodnutí a riadenie - funkcie, ktoré musí plniť každý manažér. Päť základných funkcií manažéra podľa P. F. Druckera.

Salvato in:
Dettagli Bibliografici
Autore principale: Kovalev, Andrej
Altri autori: Read, Iriqat
Natura: Capitolo di libro
Lingua:slovacco
Soggetti:
Tags: Aggiungi Tag
Nessun Tag, puoi essere il primo ad aggiungerne!!

MARC

LEADER 00000nla$a2200000$$$4500
001 0142654
005 20240502072545.4
041 0 |a slo 
044 |a SK 
245 1 0 |a Vývoj manažmentu ako profesie v historickom kontexte  |c Andrej Kovalev, Iriqat Read 
520 |a Názory niektorých ekonómov na povinnosti a zameranie pracovnej pozície manažéra. Pohľad Stafforda Beera na pozíciu manažéra. Vypracovanie stratégie, prijímanie rozhodnutí a riadenie - funkcie, ktoré musí plniť každý manažér. Päť základných funkcií manažéra podľa P. F. Druckera. 
610 2 0 |a manažment 
610 2 0 |a manažéri 
610 2 0 |a riadenie 
610 2 0 |a rozhodovanie manažérske 
610 2 0 |a komunikácia manažérska 
610 2 0 |a vývoj 
100 1 |a Kovalev, Andrej 
700 1 |a Read, Iriqat